| 000 | 00746nam a2200253 a 4500 | ||
|---|---|---|---|
| 001 | 53998 | ||
| 003 | BD-RjUL | ||
| 005 | 20211209080045.0 | ||
| 008 | 161031s1976 njua b 001 0 eng | ||
| 020 | _a0134862252 | ||
| 035 | _a(BD-RjUL)54120 | ||
| 040 |
_aDLC _cDLC _dDLC _dBD-RjUL _beng |
||
| 041 | _aeng | ||
| 082 | 0 | 0 |
_a511.3 _223 _bPOP 1976 |
| 100 | 1 |
_aPospesel, Howard, _d1937- _9161248 |
|
| 245 | 1 | 0 |
_aPredicate logic / _cHoward Pospesel. |
| 260 |
_aEnglewood Cliffs, N.J. : _bPrentice-Hall, _cc1976. |
||
| 300 |
_axiii, 205 p. : _bill. ; _c23 cm. |
||
| 490 | 0 | _aIntroduction to logic | |
| 504 | _aIncludes bibliographical references and index. | ||
| 650 | 0 |
_amathematical Logic _9161249 |
|
| 942 |
_2ddc _cBK |
||
| 999 |
_c53998 _d53998 |
||